| 000 | 00512nam a2200193Ia 4500 | ||
|---|---|---|---|
| 001 | 19048 | ||
| 003 | IN-NITTTR | ||
| 005 | 20251114233220.0 | ||
| 008 | 251113s9999||||xx |||||||||||||| ||eng|| | ||
| 040 | _beng | ||
| 040 | _cIN-NITTTR | ||
| 041 | _aeng | ||
| 082 | _a370.113 H19 | ||
| 100 | _aAbramson, Theodore | ||
| 245 | 0 |
_aHandbook of vocational education evaluation. / _cAbramson, Theodore, Tittle, Carol Kehr, Cohen, Lee |
|
| 700 | _a Cohen, Lee | ||
| 700 | _a Tittle, Carol Kehr | ||
| 942 |
_2ddc _cBK |
||
| 999 |
_c21682 _d21682 |
||